Delicious from Bulgaria and Romania (Запис номер 517683)
[ съкратено ]
| 000 -Лидер | |
|---|---|
| Контролно поле с фиксирана дължина | 00983nam a2200277 a 4500 |
| 003 - Код на организацията, давaща контролен номер | |
| Контролно поле | BLK |
| 005 - Дата и час на последна редакция | |
| Контролно поле | 20240925145426.0 |
| 008 - Елементи от данни с фиксирана дължина | |
| fixed length control field | 190122b bu a|||gr|||| 00| 0 bu d |
| 040 ## - Източник на каталожния запис | |
| Идентификатор на билиотеката - собственик на записа | BLK |
| 041 ## - Код за език | |
| Код за езика на текст/звукозапис или на отделно заглавие | Английски |
| -- | Български |
| -- | Румънски |
| Код за езика КДБФ | Английски |
| 080 ## - УДК | |
| Текстов определител УДК | Приготвяне на храна(общи въпроси). Рецепти. Готварски книги |
| УДК код - определител по УДК | 641.55 |
| УДК определител | [(497.2+498)] |
| УДК - код + определител | 641.55[(497.2)+(498)] |
| 139 ## - Редно поле | |
| Авторски знак | Del - D 34 |
| 245 ## - Сведения за заглавието | |
| Заглавие | Delicious from Bulgaria and Romania |
| 246 11 - Различни форми на заглавието | |
| Паралелно заглавие | Вкусно от България и Румъния |
| 260 ## - Област на издателските данни | |
| 9 (RLIN) | 494830 |
| Място на издаване, разпространение и проч. | Русе |
| Име на издателя, разпространителя и проч. | НСПП Изберете българското |
| Година на издаване | б. г. |
| 300 ## - Физическа характеристика | |
| Страници | 80 с. |
| Размери/Мащаб | 20 см |
| 380 ## - Жанр | |
| Жанр | Техника |
| 500 ## - Общи забележки | |
| Забележка | По проект BG0107-05-01 |
| 650 #0 - Допълнително описание по предмет – тема | |
| 9 (RLIN) | 241857 |
| Основно описание – тема или топоним | Ястия - рецепти |
| 651 #7 - Допълнително описание по предмет - топоним | |
| 9 (RLIN) | 179459 |
| Географско понятие | Румъния |
| 651 #7 - Допълнително описание по предмет - топоним | |
| 9 (RLIN) | 178684 |
| Географско понятие | България |
| 942 ## - АРТИКУЛИ | |
| Вид на библиотечния материал | Книги |
| Скрит в OPAC | Не |
| 944 ## - СЪЗДАВАНЕ И РЕДАКЦИЯ на ЗАПИСА | |
| Дата на регистрацията/редакция | Нора Радева |
| Служител, извършил регистрацията/редакцията | 30545 |
| Статус, дата на статуса | Нора Радева |
| Създаване/Редакция | |
| 999 ## - СИСТЕМНИ КОНТРОЛНИ НОМЕРА | |
| Koha biblionumber | 517683 |
| Koha biblioitemnumber | 517683 |
| 999 ## - СИСТЕМНИ КОНТРОЛНИ НОМЕРА | |
| Koha biblioitemnumber | 517682 |
| 999 ## - СИСТЕМНИ КОНТРОЛНИ НОМЕРА | |
| Koha biblioitemnumber | 517682 |
| Код за отписване | Код за изгубен артикул | Източник на класификационната схема | Код за повреда | Коз за рестрикции | Код за отдаване | Артикулен № | Име на библиотеката - собственик | Име на библиотеката, в която се намира в момента | Статус (Текущо местоположение) | Дата на вписване в системата | Местоположение - отдел | Цена в лева | Инвентарен номер | Систематично азбучна сигнатура | Баркод | Цена в евро | Служебен тип на артикула |
|---|---|---|---|---|---|---|---|---|---|---|---|---|---|---|---|---|---|
| Не е изгубен | Universal Decimal Classification | Не е повреден | само за читалня | ползва се в читалня | 949963 | Регионална библиотека "Любен Каравелов" Русе | Регионална библиотека "Любен Каравелов" Русе | Краезнание | 2024-09-27 | Краезнание | 2.00 | 120000913330 | K 6/D 34 | 120000913330 | 1.02 | Книги |